| 000 | 00861nam a2200265 a 4500 | ||
|---|---|---|---|
| 001 | BRL_634 | ||
| 005 | 20190320210829.0 | ||
| 008 | 300713s1980----mx-a######---#000-0#eng-# | ||
| 020 | _a9683800092 | ||
| 041 | _aeng | ||
| 044 | _amx | ||
| 050 | 4 |
_aNE546.P6 _b.C37 1980 |
|
| 100 | 1 |
_aCarrillo A., Rafael _923564 |
|
| 245 | 1 | 0 |
_aPosada y el grabado mexicano _bdesde el famoso grabador de temas populares hasta los artistas contemporáneos _cRafael Carrillo A. |
| 260 |
_aMéxico _bPanorama _c1980 |
||
| 300 |
_a80 p. _bil., 35 h. de grabados _c18 cm. |
||
| 440 | 0 |
_aColección Panorama _922783 |
|
| 500 | _aIncluye dedicatoria a Ruth Lechuga | ||
| 500 | _aLa biblioteca cuenta con la edición en inglés | ||
| 500 | _aAu320 | ||
| 600 | 1 | 4 |
_aPosada, José Guadalupe _d1852-1913 _94998 |
| 651 | 4 |
_aMéxico _xEn el arte _95715 |
|
| 902 | _aGRL | ||
| 942 |
_2lcc _cB |
||
| 999 |
_c9446 _d9446 |
||